01783nam a2200397 a 4500001001200000003000800012006001900020007001500039008004100054010001700095020003700112020003600149020002700185040002100212035002100233043001200254050002300266082002300289100003200312245012000344246007300464260005300537300001900590504005100609533015200660650006200812650006300874650006600937650006001003651006501063651006601128655002901194710001701223856012601240999001901366ebr10519685CaPaEBRm u cr cn|||||||||110414s2012 inua sb 001 0 eng d z 2011014341 z9780253356819 (cloth alk. paper) z9780253223494 (pbk. alk. paper) z9780253005236 (e-book) aCaPaEBRcCaPaEBR a(OCoLC)769266001 an-us-in14aGE196b.C37 2012eb04a304.209772/2552231 aCarspecken, Lucinda,d1957-13aAn unreal estateh[electronic resource] :bsustainability & freedom in an evolving community /cLucinda Carspecken.3 aUnreal estate :bsustainability and freedom in an evolving community aBloomington :bIndiana University Press,cc2012. a256 p. :bill. aIncludes bibliographical references and index. aElectronic reproduction.bPalo Alto, Calif. :cebrary,d2012.nAvailable via World Wide Web.nAccess may be limited to ebrary affiliated libraries. 0aSustainable livingzIndianazLothlorien Nature Sanctuary. 0aSelf-reliant livingzIndianazLothlorien Nature Sanctuary. 0aCollective settlementszIndianazLothlorien Nature Sanctuary. 0aCommunitarianismzIndianazLothlorien Nature Sanctuary. 0aLothlorien Nature Sanctuary (Ind.)xSocial life and customs. 0aLothlorien Nature Sanctuary (Ind.)xEnvironmental conditions. 7aElectronic books.2local2 aebrary, Inc.40uhttp://site.ebrary.com/lib/rucke/Doc?id=10519685zAn electronic book accessible through the World Wide Web; click to view c141323d141323